Services Marketing: the Indian perspective (Record no. 710)

MARC details
000 -LEADER
Fixed length control field 00459nam a2200169 4500
003 - CONTROL NUMBER IDENTIFIER
Control field SEACOMMC
005 - DATE AND TIME OF LATEST TRANSACTION
Control field 20250424122723.0
008 - FIXED-LENGTH DATA ELEMENTS--GENERAL INFORMATION
Fixed length control field 241028b |||||||| |||| 00| 0 eng d
020 ## - INTERNATIONAL STANDARD BOOK NUMBER / ISBN
International Standard Book Number 81-7446-267-8
Price Rs.325.00
040 ## - CATALOGING SOURCE
Original cataloging agency SEACOMMC
082 ## - DEWEY DECIMAL CLASSIFICATION NUMBER
Classification number 658.83
Book Number S 528
100 ## - MAIN ENTRY--PERSONAL NAME
Personal name Shankar, Ravi
245 1# - TITLE STATEMENT
Title Services Marketing: the Indian perspective
Statement of responsibility Ravi Shankar
260 ## - IMPRINT
Place of publication New Delhi
Name of publisher Excel Books
Date of publication 2002
650 ## - SUBJECT ADDED ENTRY--TOPICAL TERM
Topical term Services Marketing
942 ## - ADDED ENTRY ELEMENTS (KOHA)
Koha item type Books
Holdings
Withdrawn status Lost status Source of classification Damaged status Not for loan Home library Current library Shelving location Date acquired Total Checkouts Call number Accession number Date last seen Price effective from Koha item type Copy number
    Dewey Decimal Classification     SEACOM MANAGEMENT COLLEGE SEACOM MANAGEMENT COLLEGE Reference 06/11/2007   658.83 S 528 M-714 28/10/2024 28/10/2024 Books  
    Dewey Decimal Classification     SEACOM MANAGEMENT COLLEGE SEACOM MANAGEMENT COLLEGE   06/11/2007   658.83 S 528 M-715 28/10/2024 28/10/2024 Books 1
    Dewey Decimal Classification     SEACOM MANAGEMENT COLLEGE SEACOM MANAGEMENT COLLEGE   06/11/2007   658.83 S 528 M-716 28/10/2024 28/10/2024 Books 2
    Dewey Decimal Classification     SEACOM MANAGEMENT COLLEGE SEACOM MANAGEMENT COLLEGE   06/11/2007   658.83 S 528 M-717 28/10/2024 28/10/2024 Books 3
    Dewey Decimal Classification     SEACOM MANAGEMENT COLLEGE SEACOM MANAGEMENT COLLEGE   06/11/2007   658.83 S 528 M-718 28/10/2024 28/10/2024 Books 4
© Seacom Engineering College, All rights reserved.    Powered by Koha